000 00284nam a22001337a 4500
008 180117b xxu||||| |||| 00| 0 eng d
020 _a9780764564468
041 _aeng
080 _a070
100 _a40
101 _aMED
245 _aNew england 2002
_cFromer's
942 _2udc
_cBK
999 _c40390
_d40390